Cercanias Cantabria - Estadísticas

Estadísticas generales
  • Esta prueba ha sido intentada 10 veces
    7 desde el último reinicio
  • La puntuación promedio es 22 de 64
Estadísticas de respuestas
C1 % Correcto
Santander
100%
Santander
100%
Santander
100%
Astillero
80%
Maliaño
80%
Maliaño la Vidriera
80%
Solares
80%
Torrelavega
80%
Torrelavega
80%
Valdecilla
80%
Valdecilla
80%
Valdecilla la Marga
80%
Cabezón de la Sal
60%
Heras
60%
La Cantábrica
60%
Liérganes
60%
Nueva Montaña
60%
Nueva Montaña
60%
Reinosa
60%
Renedo
60%
San Salvador
60%
Valle Real
60%
Barreda
40%
Boo
40%
Boo de Piélagos
40%
Muriedas-Bahía
40%
Adarzo
20%
Altamira
20%
Bárcena
20%
Bezana
20%
Caldas de Besaya
20%
Cazoña
20%
Ceceñas
20%
Ganzo
20%
Gornazo
20%
Guarnizo
20%
La Cavada
20%
Las Fraguas
20%
Mar
20%
Mogro
20%
Mortera
20%
Orejo
20%
Parbayón
20%
Puente San Miguel
20%
Requejada
20%
Viérnoles
20%
Zurita
20%
Arenas de Iguña
0%
Casar de Periedo
0%
Corrales de Buelna
0%
Golbardo
0%
Lantueno-Santiurde
0%
Lombera
0%
Molledo-Portolin
0%
Ontoria
0%
Pesquera
0%
Pujayo
0%
Río Ebro
0%
San Pedro de Rudagüera
0%
Santa Cruz de Iguña
0%
Santa Isabel de Quijas
0%
Sierrapando
0%
Vioño
0%
Virgen de la Peña
0%
No se encontraron pruebas coincidentes
Distribución de puntuación
Porcentaje de gente con cada puntuación
Porcentaje por número respondido
Historial de tus puntuaciones
No has intentado esta prueba desde el último reinicio